[Event "Leipzig VfB op 25th"]
[Site "Leipzig"]
[Date "2018.03.24"]
[Round "7"]
[White "John, Tom"]
[Black "Herfurth, Thomas"]
[Result "1/2-1/2"]
[WhiteElo "1914"]
[BlackElo "1815"]
[PlyCount "59"]
[EventDate "2018.03.20"]
[EventType "swiss"]
[EventRounds "9"]
[EventCountry "GER"]
[SourceTitle "CBM 183 Extra"]
[Source "ChessBase"]
[SourceDate "2018.04.19"]
[SourceVersion "1"]
[SourceVersionDate "2018.04.19"]
[SourceQuality "1"]

1. e4 e6 2. d4 d5 3. Nc3 Nf6 4. e5 Nfd7 5. Nce2 c5 6. c3 Nc6 7. Nf3 Qb6 8. g3 Be7 9. Bh3 0-0 10. 0-0 Re8 11. b3 cxd4 12. cxd4 Nf8 13. Be3 Bd7 14. Ne1 Rac8 15. Nd3 Rc7 16. f4 Nb4 17. Nxb4 Bxb4 18. Rf2 Rec8 19. Rc1 Ba3 20. Rxc7 Qxc7 21. g4 Qc2 22. Qxc2 Rxc2 23. Ng3 Rxf2 24. Kxf2 Bb5 25. Bf1 Bxf1 26. Kxf1 Nd7 27. Ke2 Nb8 28. Bd2 Nc6 29. Kd3 f6 30. h3 1/2-1/2

[Event "Leipzig VfB op 25th"]
[Site "Leipzig"]
[Date "2018.03.22"]
[Round "5"]
[White "Stumbries, Lars"]
[Black "Herfurth, Thomas"]
[Result "1-0"]
[WhiteElo "1959"]
[BlackElo "1815"]
[PlyCount "155"]
[EventDate "2018.03.20"]
[EventType "swiss"]
[EventRounds "9"]
[EventCountry "GER"]
[SourceTitle "CBM 183 Extra"]
[Source "ChessBase"]
[SourceDate "2018.04.19"]
[SourceVersion "1"]
[SourceVersionDate "2018.04.19"]
[SourceQuality "1"]

1. e4 e6 2. d4 d5 3. Nc3 Nf6 4. Bg5 Be7 5. e5 Nfd7 6. Bxe7 Qxe7 7. f4 a6 8. Qd2 c5 9. Nf3 Nc6 10. dxc5 Qxc5 11. 0-0-0 b5 12. Bd3 Nb6 13. Ne2 Nc4 14. Bxc4 bxc4 15. Nfd4 Rb8 16. Nxc6 Qxc6 17. Qd4 Qb6 18. Qxb6 Rxb6 19. Rhf1 Bb7 20. Nd4 0-0 21. Rf3 f5 22. exf6 Rxf6 23. g3 Rf8 24. Re1 Bc8 25. Re5 Rd6 26. Kd2 Bd7 27. h4 Rb8 28. b3 cxb3 29. axb3 Rf8 30. Rc3 Rc8 31. Rxc8+ Bxc8 32. f5 Kf7 33. fxe6+ Bxe6 34. Nxe6 Kf6 35. Rg5 h6 36. Rxg7 Rxe6 37. Rg8 Ke5 38. h5 Rf6 39. Ke3 d4+ 40. Ke2 Rc6 41. Kd2 Rf6 42. Rg6 Rf2+ 43. Kd1 Rf1+ 44. Ke2 Rg1 45. Rxh6 Rg2+ 46. Kd1 Rg1+ 47. Kd2 Rg2+ 48. Kc1 Rg1+ 49. Kb2 Rg2 50. Rh8 d3 51. Re8+ Kf6 52. Re3 Rxc2+ 53. Kb1 Rc3 54. Kb2 Rc2+ 55. Ka3 Rc3 56. Re1 Kg5 57. g4 Kxg4 58. h6 Rc6 59. Rh1 Rc8 60. h7 d2 61. Rd1 Rh8 62. Rxd2 Rxh7 63. Rd6 Kf5 64. Rxa6 Ke5 65. Rc6 Kd5 66. Rc4 Ra7+ 67. Kb4 Rb7+ 68. Kc3 Rg7 69. Rc8 Kd6 70. Kc4 Kd7 71. Rc5 Rg4+ 72. Kb5 Rg3 73. b4 Rg4 74. Ka5 Kd6 75. Rc3 Rg8 76. b5 Ra8+ 77. Kb6 Rb8+ 78. Ka6 1-0

[Event "Leipzig VfB op 23rd"]
[Site "Leipzig"]
[Date "2016.03.19"]
[Round "7"]
[White "Bertram, Thomas"]
[Black "Herfurth, Thomas"]
[Result "1-0"]
[WhiteElo "1751"]
[BlackElo "1899"]
[PlyCount "43"]
[EventDate "2016.03.15"]
[EventType "swiss"]
[EventRounds "9"]
[EventCountry "GER"]
[SourceTitle "EXT 2017"]
[Source "ChessBase"]
[SourceDate "2016.10.25"]
[SourceVersion "1"]
[SourceVersionDate "2016.10.25"]
[SourceQuality "1"]

1. e4 e6 2. d4 d5 3. e5 c5 4. c3 Qb6 5. Nf3 Bd7 6. Bd3 Nc6 7. 0-0 cxd4 8. Nxd4 Nxd4 9. cxd4 Qxd4 10. Nc3 Qb6 11. Be3 Bc5 12. Na4 Bxa4 13. Qxa4+ Kd8 14. Qf4 Ke8 15. a4 Ne7 16. a5 Qb4 17. Qxb4 Bxb4 18. Ra4 Nc6 19. Bb5 Be7 20. a6 Kd7 21. axb7 Rab8 22. Rc1 1-0

[Event "Leipzig VfB op 23rd"]
[Site "Leipzig"]
[Date "2016.03.16"]
[Round "3"]
[White "Pruefer, Friedbert"]
[Black "Herfurth, Thomas"]
[Result "1-0"]
[WhiteElo "2133"]
[BlackElo "1899"]
[PlyCount "131"]
[EventDate "2016.03.15"]
[EventType "swiss"]
[EventRounds "9"]
[EventCountry "GER"]
[SourceTitle "EXT 2017"]
[Source "ChessBase"]
[SourceDate "2016.10.25"]
[SourceVersion "1"]
[SourceVersionDate "2016.10.25"]
[SourceQuality "1"]

1. d4 d5 2. c4 c6 3. cxd5 cxd5 4. Nc3 e6 5. Bf4 Bd6 6. Bg3 Bxg3 7. hxg3 Qb6 8. Qd2 Nf6 9. e3 Ne4 10. Nxe4 dxe4 11. Ne2 Bd7 12. Nc3 Bc6 13. Bc4 Nd7 14. g4 h6 15. g5 0-0-0 16. gxh6 Rxh6 17. Rxh6 gxh6 18. Qe2 Nf6 19. 0-0-0 Bd5 20. Kb1 h5 21. Rc1 Kb8 22. Na4 Qd6 23. Nc5 Rc8 24. Qc2 Rg8 25. g3 Bxc4 26. Qxc4 Qd5 27. Qb4 b6 28. Na6+ Kb7 29. Nc7 Qd7 30. Nb5 Nd5 31. Qc4 a6 32. Nc3 Rc8 33. Qe2 Nf6 34. f3 exf3 35. Qxf3+ Nd5 36. Rf1 Rc7 37. Nxd5 exd5 38. Rc1 Rxc1+ 39. Kxc1 f5 40. Qxh5 Kc6 41. Qg6+ Kb5 42. Kd2 a5 43. b3 Ka6 44. a4 Kb7 45. Kc3 Ka7 46. Qf6 Qc7+ 47. Kd2 Qd7 48. Qe5 Kb7 49. Ke2 Ka7 50. Kf3 b5 51. axb5 Qxb5 52. Qc7+ Ka6 53. Qc8+ Ka7 54. Qc5+ Ka6 55. Qc8+ Ka7 56. Qc5+ Ka6 57. Qxb5+ Kxb5 58. Kf4 Kb4 59. Kxf5 Kxb3 60. g4 a4 61. g5 a3 62. g6 a2 63. g7 a1Q 64. g8Q Qb1+ 65. Kf6 Kc4 66. Qc8+ 1-0